000 00626nam a2200229Ia 4500
003 OSt
005 20220925231425.0
006 a|||||r|||| 00| 0
007 ta
008 220923b |||||||| |||| 00| 0 eng d
037 _cGeneral Book
040 _aRTL
_cRTL
_beng
041 _2eng
_aeng
082 _aV44Q7:51.N, H5/Q7
100 _aAtri
_9200312
245 0 _aPakistan
_b A medley
260 _aMadras
_bNalin Publicity Bureau
_c1945
300 _a109p
_ccm.
650 _aFreedom Struggle Pakistan
_9238078
942 _hV44Q7:51.N, H5/Q7
_cGB
_2CC
999 _c588398
_d588398